000 02801cam a22004934i 4500
003 PE-LiUPU
005 20250731173322.0
008 150625s2006 sp a r 000 0 spa d
020 _a8482674897
035 _a(Sirsi) i9788482674896
040 _aPE-LiUPU
_bspa
_cPE-LiUPU
_erda
049 _aPRUA
082 0 4 _a220.601
_bR21
_221
100 1 _aRamsay, Richard B.,
_eautor.
245 1 0 _aGriego y Exégesis :
_bun manual práctico que enseña los fundamentos del griego y la exégesis incluyendo el uso de programas computacionales /
_cRichard B. Ramsay.
264 1 _aBarcelona :
_bFLET ; Clie,
_c2006.
300 _a269 páginas :
_bilustraciones ;
_c21 centímetros
336 _atext
_2rdacontent
337 _aunmediated
_2rdamedia
338 _avolume
_2rdacarrier
505 0 _aLos fundamentos de la exégesis -- El alfabeto griego -- Las herramientas de análisis lingüístico -- El uso del aparato textual -- La semántica (1): cómo buscar una palabra -- La semántica (2): Cómo hacer un estudio completo de una palabra -- La morfología (1): Los sustantivos y los artículos -- La morfología (2): los adjetivos, los adverbios, los pronombres y las preposiciones -- La morfología (3): los verbos -- La morfología (4): más acerca de los verbos -- La sintaxis -- Interpretación bíblica y teológica -- Aplicación al contexto actua -- El informe escrito -- Una revisión del griego -- Segundo proyecto de exégesis: investigación -- El segundo informe de exégesis -- Comprobación de respuestas a los ejercicios.
526 _aSEG42
526 _aSEG41
526 _aSEG40
526 _aSEG39
526 _aP94
526 _aP87
526 _aP86
526 _aP85
526 _aP77
526 _aP76
526 _aP35
541 _g0010000546;
541 _g003-0003441;
650 0 4 _aGriego bíblico.
650 0 4 _aHermenéutica bíblica.
942 _2ddc
_cBOOK
949 _a220.601 R21
_wDEWEY
_c1
_i63928
_lCCODEBUL1
_mBUL
_p17.00
_r0
_sY
_tBOOK
_u2015-6-25
_xTEOLOGIA
_PP35
_0COMPRA
_o.STAFF. Colección General
949 _a220.601 R21
_wDEWEY
_c2
_i57675
_lCCODEBUL1
_mBUL
_p14.00
_r0
_sY
_tBOOK
_u2015-6-25
_xTEOLOGIA
_zUNKNOWN
_0COMPRA
_o.STAFF. Colección General
994 _aC0
_bPEPRU
596 _a1
999 _a220.601 R21
_wDEWEY
_c46681
_i63928
_d46681
_e2019-10-7
_f2021-11-9
_g6
_lCCODEBUL1
_mBUL
_n9
_p17.00
_r0
_sY
_tBOOK
_u2015-6-25
_xTEOLOGIA
_PP35
_0COMPRA
_o.STAFF. Colección Teología
999 _a220.601 R21
_wDEWEY
_c2
_i57675
_d2019-6-11
_e2019-6-7
_f2021-11-9
_g5
_lCCODEBUL1
_mBUL
_n3
_p14.00
_q2
_r0
_sY
_tBOOK
_u2015-6-25
_xTEOLOGIA
_zUNKNOWN
_0COMPRA
_o.STAFF. Colección General
980 _81
_gALBERTO SANCHEZ Responsable de Automatización